书目信息 |
| 题名: |
《耶路撒冷的艾希曼》
|
|
| 作者: | 阿伦特 著 ;孙传钊 译 | |
| 分册: | ||
| 出版信息: | 长春 吉林人民出版社 2005 |
|
| 页数: | 331页 | |
| 开本: | 20cm | |
| 丛书名: | 人文译丛 | |
| 单 册: | ||
| 中图分类: | B82-53 | |
| 科图分类: | ||
| 主题词: | 伦理学--文集 , 伦理学 | |
| 电子资源: | ||
| ISBN: | 7-206-04148-5 | |
| 000 | 01093oam2 2200313 450 | |
| 001 | 01200620000064 | |
| 005 | 20070709080729.18 | |
| 010 | @a7-206-04148-5@dCNY25.60 | |
| 092 | @aCN@b474995 | |
| 100 | @a20060415d2005 em y0chiy0110 ea | |
| 101 | 1 | @achi@ceng |
| 102 | @aCN@b220000 | |
| 105 | @ay z 000yy | |
| 200 | 1 | @a《耶路撒冷的艾希曼》@9《 ye lu sa leng de ai xi man 》@e伦理的现代困境@f(美)汉娜·阿伦特等著@g孙传钊编 |
| 205 | @a2版 | |
| 210 | @a长春@c吉林人民出版社@d2005 | |
| 215 | @a331页@d20cm | |
| 225 | 2 | @a人文译丛@i西方政治理论与实践 |
| 330 | @a本书所收文章或是与阿伦特的论述内容直接相关的文献,或是反映耶路撒冷审判、阿伦特的伦理思想产生影响的资料。如《不服从的赞歌》等。 | |
| 462 | 0 | @12001 @a西方政治理论与实践 |
| 510 | 1 | @aEichmann in Jerusalem@eDilemma of Modern Ethics@zeng |
| 517 | 1 | @a伦理的现代困境@9lun li de xian dai kun jing |
| 606 | 0 | @a伦理学@j文集 |
| 606 | 0 | @a伦理学 |
| 690 | @aB82-53@v4 | |
| 701 | 1 | @a阿伦特@9a lun te@b汉娜@4著 |
| 702 | 0 | @a孙传钊@9sun chuan zhao@4译 |
| 801 | 0 | @aCN@bLZJBOOK@c20070709 |
| 905 | @a10447@dB82-53@e341=2 | |
| 《耶路撒冷的艾希曼》:伦理的现代困境/(美)汉娜·阿伦特等著/孙传钊编.-2版.-长春:吉林人民出版社,2005 |
| 331页;20cm.-(人文译丛.西方政治理论与实践) |
| ISBN 7-206-04148-5:CNY25.60 |
| 本书所收文章或是与阿伦特的论述内容直接相关的文献,或是反映耶路撒冷审判、阿伦特的伦理思想产生影响的资料。如《不服从的赞歌》等。 |
| ● |
| 相关链接 |
|
|
|
|
正题名:《耶路撒冷的艾希曼》
索取号:B82-53/341=2
 
预约/预借
| 序号 | 登录号 | 条形码 | 馆藏地/架位号 | 状态 | 备注 |
| 1 | 0558117 | 205581173 | 第一样本阅览室/ [索取号:B82-53/341=2] | 在馆 | |
| 2 | 0558118 | 205581182 | 教育系资料室/ [索取号:B82-53/341=2] | 在馆 | |
| 3 | 0558119 | 205581191 | 第一借阅区/ [索取号:B82-53/341=2] | 在馆 | |
| 4 | 0558120 | 205581208 | 第一借阅区/ [索取号:B82-53/341=2] | 在馆 | |
| 5 | 0558121 | 205581217 | 教育系资料室/ [索取号:B82-53/341=2] | 在馆 | |
| 6 | 0558122 | 205581226 | 第一借阅区/ [索取号:B82-53/341=2] | 在馆 | |
| 7 | 0558123 | 205581235 | 第一借阅区/ [索取号:B82-53/341=2] | 在馆 | |
| 8 | 0558124 | 205581244 | 第一借阅区/ [索取号:B82-53/341=2] | 在馆 |